| 000 | 01108cam a2200241 4500 | ||
|---|---|---|---|
| 008 | 010727n2001 000 0 eng u | ||
| 035 | _a(Sirsi) u113830 | ||
| 100 | _aHemsley, A. | ||
| 245 | _aCleverness isn't enough | ||
| 260 | _c2001 | ||
| 490 |
_aBuilding _v266(8192) 6 July 2001, 58(1) |
||
| 520 | _aBriefly explores the way building contracts have become more sophisticated in their provisions for dispute resolution procedures. Considers whether escalating resolution processes are good, but points out the basic problem which they cannot address is that parties are reluctant to use dispute resolution processes as identifying a dispute is often seen as an admission of failure. Concludes that the sensible way to achieve effective team-work is to adopt partnering. | ||
| 590 | _aABS | ||
| 650 | _aBUILT ENVIRONMENT-BUILDING CONTRACT FORMS | ||
| 650 | _aCONSTRUCTION DISPUTES | ||
| 650 | _aPRIME CONTRACTS | ||
| 650 | _aENGINEERING AND CONSTRUCTION CONTRACT | ||
| 650 | _aPROCURE 21 | ||
| 650 | _aPPC2000 | ||
| 650 | _aPARTNERING | ||
| 690 |
_aDispute resolution _96236 |
||
| 942 | _n0 | ||
| 999 |
_c67816 _d67816 |
||